Guess the 1960s song lyrics #16 - Statistics

General Stats
  • This quiz has been taken 32 times
  • The average score is 289 of 356
Answer Stats
Answer % Correct
a
100%
A
100%
I
100%
me
100%
you
100%
got
97%
Re
97%
re
97%
want
97%
What
97%
what
97%
when
97%
When
97%
I'm
93%
Im
93%
is
93%
Is
93%
it
93%
Just
93%
just
93%
little
93%
need
93%
to
93%
respect
90%
Respect
90%
R-E-S-P-E-C-T
90%
All
86%
all
86%
baby
86%
Baby
86%
for
86%
know
86%
bit
83%
means
83%
out
79%
So
79%
asking
76%
do
76%
find
76%
get
72%
my
72%
of
72%
your
72%
And
69%
Yeah
69%
yeah
69%
you're
69%
You're
69%
give
66%
home
62%
in
62%
come
55%
now
55%
Sock
55%
sock
55%
don't
52%
on
52%
than
52%
honey
48%
money
45%
take
45%
gone
38%
gonna
38%
have
38%
Hey
38%
Ooh
38%
babe
34%
cause
34%
sweeter
34%
wanna
34%
while
34%
ain't
31%
Ain't
31%
guess
31%
care
28%
kisses
28%
return
28%
Or
24%
tryin
24%
wrong
24%
about
21%
gotta
21%
lyin
21%
mister
21%
Whoa
21%
Keep
17%
might
17%
propers
17%
runnin
17%
T-C-B
17%
tired
10%
walk
10%
Whip
10%
fools
7%
Start
7%
No matching quizzes found
Score Distribution
Percent of People with Each Score
Percentile by Number Answered
Your Score History
You have not taken this quiz